Campeones de España - Estadísticas

Estadísticas generales
  • Esta prueba ha sido intentada 49 veces
  • La puntuación promedio es 8 de 9
Estadísticas de respuestas
Titulos Club % Correcto
27 Barcelona
100%
36 Real Madrid
100%
11 Atletico de Madrid
98%
1 Real Betis
98%
1 Sevilla
93%
6 Valencia
86%
8 Athletic Bilbao
84%
2 Real Sociedad
84%
1 Deportivo La Coruña
64%
No se encontraron pruebas coincidentes
Distribución de puntuación
Porcentaje de gente con cada puntuación
Porcentaje por número respondido
Historial de tus puntuaciones
No has intentado esta prueba.